Rufino Tamayo (Record no. 11030)

MARC details
000 -CABECERA
campo de control de longitud fija 01065nam a22003017a 4500
001 - NÚMERO DE CONTROL
campo de control BRCA_9408
003 - IDENTIFICADOR DEL NÚMERO DE CONTROL
campo de control FranzMayer
005 - FECHA Y HORA DE LA ÚLTIMA TRANSACCIÓN
campo de control 20230918125559.0
008 - DATOS DE LONGITUD FIJA--INFORMACIÓN GENERAL
campo de control de longitud fija 230904b |||||||| |||| 00| 0 eng d
020 ## - NÚMERO INTERNACIONAL ESTÁNDAR DEL LIBRO
Número Internacional Estándar del Libro 9879609107
040 ## - FUENTE DE LA CATALOGACIÓN
Centro catalogador/agencia de origen MFM
Lengua de catalogación ESPAÑOL
Centro/agencia transcriptor MFM
050 #0 - SIGNATURA TOPOGRÁFICA DE LA BIBLIOTECA DEL CONGRESO
Número de clasificación ND25973
Número de documento/Ítem P76 1997
110 1# - ENTRADA PRINCIPAL--NOMBRE DE ENTIDAD CORPORATIVA
Código de función/relación Responsable
Nombre de entidad corporativa o nombre de jurisdicción como elemento de entrada Proa
9 (RLIN) 29586
240 ## - TÍTULO UNIFORME
Título uniforme Rufino Tamayo
Medio Noviembre 1996-Enero 1997
Lenguaje de la obra Español
245 0# - MENCIÓN DE TÍTULO
Título Rufino Tamayo
Resto del título Noviembre 1996-Enero 1997
260 ## - PUBLICACIÓN, DISTRIBUCIÓN, ETC.
Lugar de publicación, distribución, etc. Buenos Aires, Argentina
Nombre del editor, distribuidor, etc. Proa
Fecha de publicación, distribución, etc. 1997
300 ## - DESCRIPCIÓN FÍSICA
Extensión 113 p
Otras características físicas Ilustraciones a color
Dimensiones 32 cm
500 ## - NOTA GENERAL
Nota general Anexo 1
505 ## - NOTA DE CONTENIDO CON FORMATO
Nota de contenido con formato Texto en: españolIncluye índice temáticoIncluye bibliografíaDirigido a: artistas, historiadores de arte
650 1# - PUNTO DE ACCESO ADICIONAL DE MATERIA--TÉRMINO DE MATERIA
Fuente del encabezamiento o término Tamayo, Rufino 1899-1991
651 2# - PUNTO DE ACCESO ADICIONAL DE MATERIA--NOMBRE GEOGRÁFICO
Fuente del encabezamiento o término Pintura mural
Nombre geográfico Siglo XX
Subdivisión de forma México
9 (RLIN) 29587
700 1# - PUNTO DE ACCESO ADICIONAL--NOMBRE DE PERSONA
Código de función/relación Textos
Nombre de persona Tibol, Raquel
9 (RLIN) 29588
700 1# - PUNTO DE ACCESO ADICIONAL--NOMBRE DE PERSONA
Código de función/relación Textos
Nombre de persona Paz, Octavio
9 (RLIN) 29589
700 1# - PUNTO DE ACCESO ADICIONAL--NOMBRE DE PERSONA
Código de función/relación Textos
Nombre de persona Brughetti, Romualdo
9 (RLIN) 29590
700 1# - PUNTO DE ACCESO ADICIONAL--NOMBRE DE PERSONA
Código de función/relación Textos
Nombre de persona Roland, Alfredo E.
9 (RLIN) 29591
700 1# - PUNTO DE ACCESO ADICIONAL--NOMBRE DE PERSONA
Código de función/relación Textos
Nombre de persona Pereda, Juan Carlos
9 (RLIN) 29592
942 ## - ELEMENTOS DE PUNTO DE ACCESO ADICIONAL (KOHA)
Fuente del sistema de clasificación o colocación Library of Congress Classification
Tipo de ítem Koha Libros
Holdings
Estado de retiro Estado de pérdida Fuente del sistema de clasificación o colocación Estado dañado No para préstamo Código de colección Localización permanente Ubicación/localización actual Fecha de adquisición Total de préstamos Signatura topográfica completa Código de barras Fecha visto por última vez Precio válido a partir de Tipo de ítem Koha
El ejemplar forma parte de la colección y puede ser consultado según las políticas vigentes.   Library of Congress Classification     Fondo Contemporáneo Biblioteca del Museo Franz Mayer (Rogerio Casas-Alatriste) Biblioteca del Museo Franz Mayer (Rogerio Casas-Alatriste) 04/09/2023   ND25973 P76 1997 CONT10179 04/09/2023 04/09/2023 Libros